000 00544cam a2200157 4500
001 WS122927
008 030703n 000 0 eng u
035 _a(Sirsi) u122927
110 _aDrummond Read
_94490
245 _aDrummond Read
520 _aWeb site for this recruitment agency specialising in the fien arts, antiques and related proifessions.
650 _aRECRUITMENT AGENCIES
690 _aArts and antiques
_96217
856 4 0 _uhttps://www.drummondread.com
_zView the website free of charge at www.drummondread.com...
942 _n0
999 _c120313
_d120313